000 00326nam a2200157Ia 4500
100 _aSinn/Richard
650 _aSecurity
942 _cBK
366 _f25
245 _aSoftware security:theory
260 _bCengage Learning
_c2008
082 _a5.8
_bSIN
300 _a375
546 _aENGLISH
_cComputers
999 _c19414
_d19414